000 00929nam0a22002651 4500
001 rc\2321784
005 20250623075152.0
035 _a(NLR Aleph) 006673839
090 _a5013915
_c5013915
100 _a20110829d1977 |||y0rusy50 ca
101 0 _arus
102 _aRU
105 _aa z |||||
200 1 _aБуровзрывные работы при строительстве автомобильных дорог
_fГ.А. Матин
210 _aМинск
_cВышэйш. школа
_d1977
215 _a248 с.
_cил.
_d20
320 _aСписок лит.: с. 244-245 (48 назв.)
606 _aБуровзрывные работы на дорожном строительстве
_2rkp
700 1 _aМатин
_bГ.А.
_gГеннадий Александрович
801 0 _aRU
_bNLR
_gpsbo
801 1 _aRU
_bELAR
_2rusmarc
852 _aNLR
_j77-3/7308
899 _aRuMoRGB
_jCX
942 _cBOOK
980 _aNB